Registrations and liquidations of joint stock companies in India (Record no. 497928)

000 -LEADER
fixed length control field 00484cam a22001097a 4500
008 - FIXED-LENGTH DATA ELEMENTS--GENERAL INFORMATION
fixed length control field 180718b xxu||||| |||| 00| 0 eng d
082 ## - DEWEY DECIMAL CLASSIFICATION NUMBER
Classification number T31055x54 In2
245 ## - TITLE STATEMENT
Title Registrations and liquidations of joint stock companies in India
Statement of responsibility, etc. by Research & Statistics Division, Department of Company Affiars, India
260 ## - PUBLICATION, DISTRIBUTION, ETC.
Place of publication, distribution, etc. New Delhi
Name of publisher, distributor, etc. Government of India
Date of publication, distribution, etc.
500 ## - GENERAL NOTE
General note Contents: Library has 1980-82,1982-83,1983-84
700 ## - ADDED ENTRY--PERSONAL NAME
Personal name India. Department of Company Affiars.Research & Statistics Division
Holdings
Withdrawn status Lost status Damaged status Not for loan Permanent Location Current Location Date acquired Full call number Barcode Date last seen Price effective from Koha item type Source of classification or shelving scheme
        Indian Institute of Public Administration Indian Institute of Public Administration 2018-08-04 T31055x54 In2 G16775 2018-08-04 2018-08-04 G  
        Indian Institute of Public Administration Indian Institute of Public Administration 2018-12-18 T31055x54 In2 GG34394 2018-12-18 2018-12-18 GG  

Powered by Koha